000 00510nam a2200181Ia 4500
003 OSt
005 20250117162511.0
008 210210b1960 xxu||||| |||| 00| 0 eng d
040 _cAL
041 _akan
082 _a859/117
100 _aKRASHNARAYA (A N)
_9148389
_dಕೃಷ್ಣರಾಯ (ಅ ನ ಕೃ).
245 _aYashodundubhi-6:
_b ಯಶೋದುಂದುಭಿ-6
260 _aBengaluru
_bStandard Book Dipo
_c1960
690 _aKannada Fiction
_9148390
906 _a020899
942 _2ddc
_cBK
999 _c145056
_d145056